000 00279nam a22001217a 4500
008 180806b xxu||||| |||| 00| 0 eng d
082 _a813.52
245 _aMaternal-Child Nursing Care
_cWard,S.L
260 _c2009
300 _a1
_fCD
440 _x0803620446
942 _2ddc
_cMX
999 _c46793
_d46793